000 00625nam a22001937a 4500
003 OSt
005 20250623081917.0
008 250623b |||||||| |||| 00| 0 eng d
020 _a978-621-406-155-6
040 _aDWCL- Main lib
_cOC
082 _aFil. 658.8 P649m 2018
100 _aPineda, Ariel D.
245 _aMerchandising accounting for non-accountants./
_cAriel D. Pineda
260 _aManila, Philippines :
_bMindshapers co. inc,
_cc2018.
300 _ax, 121 pages :
_billustrations ;
_c23cm.
504 _aIncludes bibliographical references.
650 _a1. Merchandising
942 _2ddc
_cBK - FIL
_kFil.
_n0
999 _c3244
_d3244